| 000 | 01119pam a2200325 a 4500 | ||
|---|---|---|---|
| 001 | 3925566 | ||
| 003 | OSt | ||
| 005 | 20140925135230.0 | ||
| 008 | 920903s1993 nyua 000 0 eng c | ||
| 010 | _a 92049400 | ||
| 020 | _a0896402304 (New York) | ||
| 020 | _a4260142305 (Tokyo) | ||
| 040 |
_aDNLM/DLC _cDLC _dDLC |
||
| 050 | 0 | 0 |
_aQM25 _b.R55 1993 Suppl. |
| 060 | _aQS 17 R737c | ||
| 082 | 0 | 0 |
_aQS 17 W694d 1993 _220 |
| 100 | 1 |
_aWilson, Jack L. _91334 |
|
| 245 | 1 | 0 |
_aDissection manual : _bcompanion to Rohen/Yokochi Color atlas of anatomy / _cJack L. Wilson. |
| 250 | _a3rd ed. | ||
| 260 |
_aNew York : _bIgaku-Shoin Medical Publishers, _cc1993. |
||
| 300 |
_axii, 273 p. : _bill. ; _c26 cm. |
||
| 650 | 0 |
_aHuman anatomy _xLaboratory manuals. _91335 |
|
| 650 | 0 |
_aHuman dissection _xLaboratory manuals. _9156 |
|
| 650 | 2 |
_aAnatomy _xlaboratory manuals. _91336 |
|
| 650 | 2 |
_aDissection _xlaboratory manuals. _9188 |
|
| 700 | 1 |
_aRohen, Johannes W. _q(Johannes Wilhelm) _tColor atlas of anatomy. _91337 |
|
| 906 |
_a7 _bcbc _corignew _d1 _eocip _f19 _gy-gencatlg |
||
| 942 |
_2z _cSLOAN |
||
| 999 |
_c517 _d517 |
||